| 000 | 00427nam a2200181Ia 4500 | ||
|---|---|---|---|
| 008 | 220531s9999 xx 000 0 und d | ||
| 041 | _aeng | ||
| 082 | _bSHA | ||
| 100 |
_aSharma, K. L. _946641 |
||
| 245 | _aReconceptualising Caste Class And Tribe | ||
| 250 | _a1ST | ||
| 260 |
_bRawat _c2001 |
||
| 300 | _a232 | ||
| 542 | _d03-07-2004 | ||
| 650 |
_aSociology _946642 |
||
| 906 | _d2004-2005 | ||
| 999 |
_c27436 _d27436 |
||